[Event "Xtracon Chess Open 2019"]
[Site "Helsingor DEN"]
[Date "2019.07.26"]
[Round "8.133"]
[White "Stage, Allan Juul"]
[Black "Iskos, Lukas"]
[Result "1-0"]
[WhiteElo "1855"]
[BlackElo "1622"]
[WhiteFideId "1452371"]
[BlackFideId "1461613"]
[EventDate "2019.07.20"]

1. d4 Nf6 2. Bf4 e6 3. e3 d5 4. Nd2 Bd6 5. Bg3 O-O 6. c3 c5 7. Bd3 b6 8. Qc2 Bb7
9. Bh4 h6 10. Ngf3 c4 11. Be2 Nc6 12. Bg3 Qc7 13. e4 Bxg3 14. hxg3 Rad8 15. e5
Ne4 16. Nxe4 dxe4 17. Nd2 b5 18. Nxe4 Rxd4 19. cxd4 Nxd4 20. Qc3 Qxe5 21. Rd1
Rd8 22. Rxd4 Qxd4 23. Qxd4 Rxd4 24. Nc3 b4 25. Nb5 Rd7 26. Rh4 Bc6 27. Rxc4 Bxb5
28. Rc8+ Kh7 29. Bxb5 Rd5 30. Be2 Ra5 31. Bc4 Rh5 32. Rc7 Rh1+ 33. Ke2 1-0

[Event "Xtracon Chess Open 2019"]
[Site "Helsingor DEN"]
[Date "2019.07.26"]
[Round "8.134"]
[White "Hansen, Verner"]
[Black "Jorgensen, Orla Eilegaard"]
[Result "0-1"]
[WhiteElo "1838"]
[BlackElo "1614"]
[WhiteFideId "1425285"]
[BlackFideId "1413368"]
[EventDate "2019.07.20"]

1. e4 b6 2. d4 Bb7 3. Bd3 f5 4. Nc3 Nf6 5. Qe2 e6 6. Nf3 fxe4 7. Nxe4 Be7 8.
Nfg5 Nxe4 9. Bxe4 Bxe4 10. Nxe4 Nc6 11. Be3 d5 12. Nd2 Bf6 13. Nf3 Qe7 14. O-O
O-O 15. Qd2 Na5 16. b3 Nb7 17. Rfe1 Nd6 18. Rad1 Ne4 19. Qd3 c5 20. c4 Rad8 21.
cxd5 exd5 22. Nd2 Nxd2 23. Qxd2 cxd4 24. Bxd4 Qd6 25. Re3 Bg5 26. Rg3 Qxg3 27.
hxg3 Bxd2 28. Rxd2 Rfe8 29. f3 Re6 30. Kf2 Rde8 31. f4 g6 32. Be5 Rxe5 33. fxe5
Rxe5 34. Rd4 Kf7 35. Rh4 h5 36. Ra4 a5 37. Rd4 Ke6 38. Kf3 Kd6 39. g4 hxg4+ 40.
Rxg4 g5 41. a3 b5 42. b4 a4 43. Rd4 Ke6 44. Rd3 Re4 45. g4 Ke5 46. Rc3 Kd4 47.
Rc5 Re3+ 48. Kf2 Rxa3 49. Rxb5 Kc4 50. Rc5+ Kxb4 51. Rxd5 Rc3 52. Rxg5 a3 53.
Rg8 a2 54. Rb8+ Ka3 55. Ra8+ Kb2 56. Rb8+ Rb3 0-1

[Event "Xtracon Chess Open 2019"]
[Site "Helsingor DEN"]
[Date "2019.07.26"]
[Round "8.135"]
[White "Frederiksen Kristian, Pade"]
[Black "Bredeli, Kent-Ove I"]
[Result "1/2-1/2"]
[WhiteElo "1822"]
[BlackElo "1515"]
[WhiteFideId "1435205"]
[BlackFideId "1522124"]
[EventDate "2019.07.20"]

1. d4 d5 2. c4 c6 3. Nc3 Nf6 4. e3 g6 5. Nf3 Bg7 6. Be2 O-O 7. O-O Qc7 8. Qb3
Be6 9. Ng5 Kh8 10. Bd2 Nbd7 11. Rac1 Qb6 12. Qxb6 Nxb6 13. Nxe6 fxe6 14. b3 Nbd7
15. Rfd1 Rac8 16. Be1 h5 17. f3 Bh6 18. Bd2 Ne8 19. e4 Bxd2 20. Rxd2 Ndf6 21.
Rdc2 Rd8 22. Rd1 Ng7 23. h3 h4 24. Bd3 g5 25. e5 Nfh5 26. cxd5 exd5 27. Na4 Ne6
28. Bf1 Nhg7 29. Nc5 Nxc5 30. dxc5 1/2-1/2

[Event "Xtracon Chess Open 2019"]
[Site "Helsingor DEN"]
[Date "2019.07.26"]
[Round "8.136"]
[White "Gupta Nikhil"]
[Black "Leonhardsen, Vebjorn Maanum"]
[Result "1-0"]
[WhiteElo "1528"]
[BlackElo "1820"]
[WhiteFideId "25697773"]
[BlackFideId "1539515"]
[EventDate "2019.07.20"]

1. d4 d5 2. c4 c6 3. Nc3 Nf6 4. e3 a6 5. Nf3 b5 6. b3 Bg4 7. Bd2 Nbd7 8. Be2 e6
9. O-O Bd6 10. Ne1 Bxe2 11. Qxe2 Be7 12. e4 b4 13. e5 bxc3 14. exf6 Nxf6 15.
Bxc3 O-O 16. Nd3 Ne4 17. Bb2 Qb6 18. f3 Nf6 19. Ne5 Ra7 20. c5 Qc7 21. Bc1 Nd7
22. Bf4 Nxe5 23. Bxe5 Qd8 24. Bg3 Bf6 25. Rad1 Qa5 26. Be1 Qb5 27. Qe3 Re8 28.
f4 g6 29. f5 Bg7 30. f6 Bf8 31. Bg3 h6 32. Rf3 Kh7 33. Bf4 e5 34. Bxh6 exd4 35.
Qxe8 Bxh6 36. Rh3 Qxc5 37. Qe5 d3+ 38. Kh1 Qc2 39. Rhxd3 Qxa2 40. Rh3 Qc2 41.
Re1 Qd2 42. Qe3 Qxe3 43. Rexe3 g5 44. Re7 Ra8 45. Rxf7+ Kg6 46. Rc7 g4 47. Rd3
Re8 48. Kg1 d4 49. Rxc6 Be3+ 50. Kf1 Kf5 51. Rxa6 Kf4 52. Ke2 Rc8 53. Re6 Kf5
54. Rexe3 dxe3 55. f7 Rf8 56. Kxe3 Rxf7 57. Rd5+ Kg6 58. b4 Rh7 59. Kf4 Rxh2 60.
Rg5+ Kf6 61. Rxg4 Rh1 62. Ke3 Rb1 63. Rc4 Rb3+ 64. Kf4 Ke6 65. Rd4 Rb2 66. g4
Rf2+ 67. Kg5 Ke5 68. Rc4 Rb2 69. Kg6 Kd5 70. Rf4 Ke6 71. g5 Rh2 72. b5 Rb2 73.
b6 1-0

[Event "Xtracon Chess Open 2019"]
[Site "Helsingor DEN"]
[Date "2019.07.26"]
[Round "8.137"]
[White "Nergard, Ole-Kristian"]
[Black "Jarlnaes, Erik"]
[Result "0-1"]
[WhiteElo "1505"]
[BlackElo "1959"]
[WhiteFideId "1543156"]
[BlackFideId "1414623"]
[EventDate "2019.07.20"]

1. e4 e6 2. d4 d5 3. e5 c5 4. c3 Nc6 5. Nf3 Bd7 6. Bd3 cxd4 7. cxd4 Qb6 8. O-O
Nxd4 9. Nbd2 Bc5 10. b4 Nxf3+ 11. Nxf3 Be7 12. Be3 Qd8 13. Qd2 f5 14. a4 a5 15.
b5 Bb4 16. Qe2 Ne7 17. Rac1 O-O 18. Bc5 Rc8 19. Bxb4 axb4 20. Nd4 Rc3 21. Ra1
Qb6 22. Nc2 b3 23. Na3 Rfc8 24. Nb1 Rc1 25. Qb2 Rxf1+ 26. Bxf1 Rc2 27. Qxb3
Qxf2+ 0-1

[Event "Xtracon Chess Open 2019"]
[Site "Helsingor DEN"]
[Date "2019.07.26"]
[Round "8.138"]
[White "Wiberg, Jonas"]
[Black "Ben Porat, Tal"]
[Result "0-1"]
[WhiteElo "1700"]
[BlackElo "1928"]
[WhiteFideId "1720090"]
[BlackFideId "2804719"]
[EventDate "2019.07.20"]

1. d4 Nf6 2. c4 e6 3. Nc3 Bb4 4. Bg5 c5 5. d5 exd5 6. cxd5 Bxc3+ 7. bxc3 d6 8.
e3 O-O 9. Be2 Nbd7 10. Nf3 Qa5 11. Bxf6 Nxf6 12. Qb3 Nxd5 13. Bc4 Qxc3+ 14. Qxc3
Nxc3 15. Rc1 Ne4 16. Ke2 Be6 17. Rhd1 Rfd8 18. Bd5 Bxd5 19. Rxd5 h6 20. Ne1 Kf8
21. f3 Nf6 22. Rd2 b6 23. Rcd1 d5 24. Nc2 Re8 25. Na3 a6 26. Rc1 Rac8 27. Nc2 b5
28. Rb1 Re7 29. Rd3 b4 30. Rbd1 a5 31. Rc1 Rb7 32. Nd4 a4 33. Rd2 Rbb8 34. Rdc2
c4 35. Kd1 Nd7 36. e4 Nb6 37. exd5 Nxd5 38. Ke1 c3 39. Rb1 Rc4 0-1

[Event "Xtracon Chess Open 2019"]
[Site "Helsingor DEN"]
[Date "2019.07.26"]
[Round "8.139"]
[White "Haugaard, Thomas"]
[Black "Moller, Arne Vang"]
[Result "1/2-1/2"]
[WhiteElo "1690"]
[BlackElo "1872"]
[WhiteFideId "1414330"]
[BlackFideId "1406175"]
[EventDate "2019.07.20"]

1. d4 Nf6 2. c4 e6 3. Nf3 b6 4. Nc3 Bb7 5. e3 g6 6. Bd3 Bg7 7. O-O O-O 8. Qe2 d5
9. cxd5 exd5 10. b3 Nbd7 11. Bb2 Re8 12. Rac1 c5 13. Ba6 Qc8 14. Bxb7 Qxb7 15.
dxc5 bxc5 16. Qd3 c4 17. Qd1 Nc5 18. Ba1 Rad8 19. Nd4 Nfe4 20. Nxe4 Nxe4 21.
bxc4 dxc4 22. Rxc4 1/2-1/2

[Event "Xtracon Chess Open 2019"]
[Site "Helsingor DEN"]
[Date "2019.07.26"]
[Round "8.140"]
[White "Hojgaard, Brandur"]
[Black "Vehl, Tina"]
[Result "0-1"]
[WhiteElo "1683"]
[BlackElo "1823"]
[WhiteFideId "7201478"]
[BlackFideId "1418262"]
[EventDate "2019.07.20"]

1. d4 d5 2. Nf3 Nf6 3. Bf4 c5 4. c3 Nc6 5. e3 Qb6 6. Qb3 c4 7. Qc2 Bf5 8. Qc1 e6
9. Nbd2 Be7 10. Be2 O-O 11. Nh4 Be4 12. Nxe4 Nxe4 13. Nf3 Rfc8 14. O-O Qd8 15.
Nd2 f5 16. Nxe4 fxe4 17. f3 exf3 18. Bxf3 Bf6 19. e4 Qd7 20. Qd2 Re8 21. Rad1 b5
22. Qf2 a5 23. a3 b4 24. axb4 axb4 25. Ra1 bxc3 26. bxc3 Na5 27. g3 Nb3 28. Rxa8
Rxa8 29. Qg2 Rd8 30. exd5 exd5 31. Re1 h6 32. Be5 Bg5 33. Bf4 Bf6 34. Qf2 Rf8
35. h4 Qf5 36. Qe2 Bxd4+ 37. cxd4 Nxd4 38. Qd1 Nxf3+ 39. Qxf3 g5 40. Re5 Qxe5 0-1

[Event "Xtracon Chess Open 2019"]
[Site "Helsingor DEN"]
[Date "2019.07.26"]
[Round "8.141"]
[White "Larsen, Hans Haagen"]
[Black "Masotti, Roberto"]
[Result "0-1"]
[WhiteElo "1680"]
[BlackElo "1814"]
[WhiteFideId "1409557"]
[BlackFideId "815071"]
[EventDate "2019.07.20"]

1. Nf3 c5 2. e4 g6 3. d4 cxd4 4. Nxd4 Bg7 5. Bc4 Nc6 6. Be3 Nf6 7. Nc3 O-O 8. f4
Nxe4 9. Nxc6 Nxc3 10. Nxd8 Nxd1 11. Nxf7 Nxe3 12. Nh6+ Kh8 13. Nf7+ Rxf7 0-1

[Event "Xtracon Chess Open 2019"]
[Site "Helsingor DEN"]
[Date "2019.07.26"]
[Round "8.143"]
[White "Loveid, Erik"]
[Black "Kustagi, Zeeshan"]
[Result "1/2-1/2"]
[WhiteElo "1799"]
[BlackElo "1690"]
[WhiteFideId "1520067"]
[BlackFideId "1468839"]
[EventDate "2019.07.20"]

1. e4 e5 2. Nf3 Nc6 3. Bb5 a6 4. Ba4 b5 5. Bb3 Nf6 6. d3 h6 7. Nbd2 d6 8. h3 Bb7
9. c3 Na5 10. Bc2 c5 11. O-O Be7 12. Re1 O-O 13. Nf1 Kh8 14. Ng3 Bc8 15. b3 Nc6
16. Bb2 Rg8 17. Qe2 Qc7 18. a3 Qb6 19. Nh4 Bf8 20. Bc1 d5 21. Qf3 Ne7 22. Nhf5
Nxf5 23. Nxf5 Bxf5 24. Qxf5 dxe4 25. dxe4 Bd6 26. Bxh6 gxh6 27. Qxf6+ Kh7 28.
Rad1 Rg6 29. Qxf7+ Rg7 30. Qf5+ Rg6 31. Re3 Rf8 32. Qd7+ Kh8 33. Rg3 Rxg3 34.
fxg3 c4+ 35. Kh2 Bxa3 36. b4 Rg8 37. Rd6 Qe3 38. g4 Qf4+ 39. Kh1 1/2-1/2

[Event "Xtracon Chess Open 2019"]
[Site "Helsingor DEN"]
[Date "2019.07.26"]
[Round "8.144"]
[White "Hansen, Aksel"]
[Black "Werner, Jakob"]
[Result "1-0"]
[WhiteElo "1790"]
[BlackElo "1681"]
[WhiteFideId "1412213"]
[BlackFideId "1426850"]
[EventDate "2019.07.20"]

1. f4 Nf6 2. Nf3 g6 3. g3 d6 4. Bg2 Bg7 5. d4 O-O 6. c4 c6 7. Nc3 Nbd7 8. e4 Nb6
9. Qe2 e6 10. e5 dxe5 11. dxe5 Ng4 12. h3 Nh6 13. Be3 Nf5 14. Bf2 f6 15. Rd1 Qc7
16. exf6 Bxf6 17. Ne4 Be7 18. O-O Nd7 19. c5 Nf6 20. Neg5 Ng7 21. Ne5 Nd5 22.
Ngf3 b6 23. Qe4 a5 24. cxb6 Nxb6 25. Qxc6 Qxc6 26. Nxc6 Nd5 27. Nxe7+ Nxe7 28.
Bc5 Re8 29. Rfe1 Bb7 30. Rd7 Bxf3 31. Bxf3 Nd5 32. Bxd5 exd5 33. Rxe8+ Rxe8 34.
Rxd5 Nf5 35. Bf2 Re2 36. Rxa5 Rxb2 37. Ra7 Nd6 38. Bd4 Rb1+ 39. Kg2 Nf5 40. Bf2
Rb2 41. a4 Ra2 42. a5 Nd4 43. a6 Nb5 44. Ra8+ Kf7 45. a7 Kg7 46. Rb8 Nxa7 47.
Rb7+ Kg8 48. Rxa7 1-0

[Event "Xtracon Chess Open 2019"]
[Site "Helsingor DEN"]
[Date "2019.07.26"]
[Round "8.145"]
[White "Warston, Hakan"]
[Black "Zierott, Jan"]
[Result "0-1"]
[WhiteElo "1656"]
[BlackElo "1783"]
[WhiteFideId "1717367"]
[BlackFideId "4679040"]
[EventDate "2019.07.20"]

1. d4 d5 2. c4 e6 3. Nc3 Nf6 4. cxd5 exd5 5. Bg5 c6 6. Qc2 Be6 7. e3 Nbd7 8. Bd3
Bd6 9. Nge2 h6 10. Bf4 Nb6 11. O-O O-O 12. Rac1 Nh5 13. Bxd6 Qxd6 14. f3 f5 15.
e4 fxe4 16. fxe4 dxe4 17. Nxe4 Qe7 18. N4c3 Nd5 19. Nxd5 Bxd5 20. Nc3 Qe3+ 21.
Kh1 Bxg2+ 22. Kxg2 Nf4+ 23. Rxf4 Rxf4 24. Bc4+ Kh8 25. Rf1 Rxd4 26. Ne2 Rd2 27.
Qf5 Rxe2+ 28. Bxe2 Qxe2+ 29. Rf2 Qe7 30. Qg4 Re8 31. Rd2 Qe4+ 32. Qf3 Qxf3+ 33.
Kxf3 Re7 34. h4 g6 35. Rd4 Kg7 36. Rf4 Rf7 37. Rxf7+ Kxf7 38. Kg4 Kf6 0-1

[Event "Xtracon Chess Open 2019"]
[Site "Helsingor DEN"]
[Date "2019.07.26"]
[Round "8.146"]
[White "Overmark, Ole"]
[Black "Madsen, Svend"]
[Result "1/2-1/2"]
[WhiteElo "1765"]
[BlackElo "1655"]
[WhiteFideId "1410776"]
[BlackFideId "1419846"]
[EventDate "2019.07.20"]

1. e4 c5 2. Nf3 a6 3. d4 cxd4 4. c3 dxc3 5. Nxc3 e6 6. Bc4 d6 7. O-O Be7 8. Qe2
b5 9. Bb3 Bb7 10. Rd1 Nd7 11. Bc2 Ngf6 12. Bf4 Qc7 13. Rac1 O-O 14. Bb3 Qb8 15.
a3 Ne5 16. h3 Nfd7 17. Ba2 Nxf3+ 18. Qxf3 Ne5 19. Qg3 Rd8 20. Rc2 Ng6 21. Be3
Qc7 22. Rdc1 Qd7 23. f4 Rdc8 24. Qg4 Rc6 25. Bd4 Rac8 26. Bd5 R6c7 27. Bb6 exd5
28. Bxc7 Qxg4 29. hxg4 Rxc7 30. Nxd5 Rxc2 31. Nxe7+ Nxe7 32. Rxc2 Bc6 33. e5
dxe5 34. fxe5 g6 35. Kf2 Kg7 36. Kg3 g5 37. Rf2 Nd5 38. Rc2 Bb7 39. Rd2 h6 40.
b4 Kf8 41. Kf2 Ke7 42. Rd1 Ke6 43. Rh1 Kxe5 44. Rxh6 Nf6 45. Rh8 Nxg4+ 46. Kg3
Kf5 47. Rb8 Bd5 48. Rb6 Ne3 49. Rxa6 Nc2 50. Ra7 Bb3 51. Rc7 f6 52. Rc5+ Kg6 53.
Rxb5 Nxa3 54. Rc5 Nc4 55. b5 Nd6 56. Kf3 Nc4 57. g3 Nb6 58. Ke3 Ba4 59. Kd4 Nd7
60. Rd5 Nb6 61. Rd6 Nc8 62. Rd8 Bxb5 63. Rxc8 Bd7 64. Rc7 Bh3 65. Rc6 g4 66. Ke3
Bg2 67. Rb6 Kg5 68. Rb5+ f5 69. Rc5 Be4 70. Ra5 Bf3 71. Ra4 Bc6 72. Rf4 Kf6 73.
Kd4 Ke6 74. Rf1 Kf6 75. Rf2 Bf3 1/2-1/2

[Event "Xtracon Chess Open 2019"]
[Site "Helsingor DEN"]
[Date "2019.07.26"]
[Round "8.147"]
[White "Nielsen, Leo Kresten Roland"]
[Black "Sjol, Henrik"]
[Result "0-1"]
[WhiteElo "1653"]
[BlackElo "1755"]
[WhiteFideId "1426095"]
[BlackFideId "1505629"]
[EventDate "2019.07.20"]

1. e4 c6 2. c4 d5 3. cxd5 cxd5 4. Nf3 dxe4 5. Qa4+ Bd7 6. Qxe4 Nc6 7. Bc4 e6 8.
d4 Nf6 9. Qe2 Bb4+ 10. Bd2 O-O 11. a3 Bxd2+ 12. Nbxd2 Rc8 13. O-O Qb6 14. Nb3
Rfd8 15. Rfd1 Ne7 16. Nc5 Bc6 17. b4 Bd5 18. Ne5 Bxc4 19. Qxc4 Rd5 20. Nf3 Qd8
21. Qe2 b6 22. Nxe6 fxe6 23. Qxe6+ Kf8 24. Ne5 Qe8 25. Rac1 Rxd4 26. h3 Rxc1 27.
Rxc1 Nd7 28. Nf3 Rd5 29. h4 Qf7 30. Qxf7+ Kxf7 31. Rc7 a5 32. bxa5 bxa5 33. Ra7
h6 34. Kf1 Ne5 35. Ne1 Nc4 36. a4 Nb2 37. Nc2 Nxa4 38. Ne3 Rc5 39. g4 Ke6 40.
Ke2 Nb6 41. f4 Ned5 42. f5+ Ke5 43. Nxd5 Nxd5 44. Rxg7 a4 45. g5 hxg5 46. Rxg5
a3 47. Kd3 Rc8 48. f6+ Kxf6 49. Kd2 Ra8 50. Rxd5 a2 51. Ra5 a1=Q 0-1

[Event "Xtracon Chess Open 2019"]
[Site "Helsingor DEN"]
[Date "2019.07.26"]
[Round "8.148"]
[White "Olsen, Kim Alex"]
[Black "Tolba, Henri"]
[Result "0-1"]
[WhiteElo "1651"]
[BlackElo "1752"]
[WhiteFideId "1406663"]
[BlackFideId "1418246"]
[EventDate "2019.07.20"]

1. d4 Nf6 2. Bf4 d5 3. e3 Bf5 4. Bd3 Bxd3 5. cxd3 c6 6. Nd2 e6 7. Ngf3 Bd6 8.
Bg5 h6 9. Bh4 Nbd7 10. e4 e5 11. Qb3 Qb6 12. Qxb6 axb6 13. Bg3 Nh5 14. dxe5 Nxg3
15. hxg3 Nxe5 16. d4 Nd3+ 17. Ke2 Nxb2 18. Rhb1 Ba3 19. Ne1 Na4 20. Nd3 Nc3+ 21.
Kf3 dxe4+ 22. Nxe4 Nxb1 23. Rxb1 b5 24. d5 O-O-O 25. Rb3 Be7 26. dxc6 bxc6 27.
Ne5 Kc7 28. Ke3 Rd5 29. f4 Ra8 30. Nxf7 Ra3 31. Nc3 Rxb3 32. axb3 Rf5 33. Ne5
Bd6 34. g4 Rf6 35. Nd3 Re6+ 36. Kf3 Re8 37. Ne2 Ra8 38. Ke4 Re8+ 39. Kf3 Kd7 40.
Nd4 g6 41. f5 g5 42. Kf2 Re4 43. Ne6 Rxg4 44. Kf1 Rg3 45. Nb4 Bxb4 0-1

[Event "Xtracon Chess Open 2019"]
[Site "Helsingor DEN"]
[Date "2019.07.26"]
[Round "8.149"]
[White "Khoo-Thwe, Louis"]
[Black "Yilmaz, Kazim"]
[Result "0-1"]
[WhiteElo "1746"]
[BlackElo "1647"]
[WhiteFideId "1538756"]
[BlackFideId "1514326"]
[EventDate "2019.07.20"]

1. e4 e5 2. Nf3 Nc6 3. Bc4 Bc5 4. O-O Nf6 5. d3 d6 6. c3 O-O 7. Nbd2 Bg4 8. Re1
d5 9. exd5 Nxd5 10. h3 Bh5 11. g4 Bg6 12. Nb3 Bb6 13. Nxe5 Nxe5 14. Rxe5 c6 15.
Bxd5 cxd5 16. d4 Bc7 17. Re1 Qh4 18. Re3 f5 19. Qf3 fxg4 20. Qxd5+ Kh8 21. Qg2
Bf4 22. hxg4 Bxe3 23. Bxe3 Rae8 24. Nd2 h5 25. gxh5 Bxh5 26. Bg5 Qg4 27. Qxg4
Bxg4 28. Be3 Rf6 29. Nc4 b6 30. Ne5 Bf3 31. Kf1 Kh7 32. Nxf3 Rxf3 33. Ke2 Rf5
34. Kd3 g5 35. Rg1 Kg6 36. f4 Rxe3+ 37. Kxe3 Rxf4 38. c4 Kf5 39. b4 g4 40. Rg3
Re4+ 41. Kd3 Re1 42. c5 bxc5 43. bxc5 Kf4 44. Rg2 Kf3 45. Rc2 g3 46. c6 g2 47.
Rxg2 Kxg2 48. d5 Rc1 49. Kd4 Kf3 50. Ke5 Ke3 51. a3 a5 52. a4 Rc2 53. d6 Rc5+
54. Ke6 Rxc6 55. Ke5 Rc5+ 56. Ke6 Kd4 57. Kf6 Kc4 58. Ke6 Rd5 59. d7 Rd1 60.
d8=Q Rxd8 0-1

[Event "Xtracon Chess Open 2019"]
[Site "Helsingor DEN"]
[Date "2019.07.26"]
[Round "8.150"]
[White "Larsen, Mette Dalsgaard"]
[Black "Wahlgreen, Noah"]
[Result "0-1"]
[WhiteElo "1637"]
[BlackElo "1743"]
[WhiteFideId "1430718"]
[BlackFideId "1457349"]
[EventDate "2019.07.20"]

1. d4 d5 2. c4 e6 3. e3 Nf6 4. Nf3 Nc6 5. Be2 Bb4+ 6. Bd2 Qe7 7. a3 Bxd2+ 8.
Nbxd2 O-O 9. O-O e5 10. dxe5 Nxe5 11. Qc2 Bd7 12. Nxe5 Qxe5 13. Nf3 Qe7 14. Rad1
dxc4 15. Qxc4 Bc6 16. Nd4 Bd5 17. Nf5 Qe5 18. Rxd5 Nxd5 19. Qxd5 Qxb2 20. Qc4
Rfd8 21. Rd1 Rxd1+ 22. Bxd1 Rd8 23. Nd4 Qa1 24. Qe2 c5 25. g3 cxd4 26. exd4 Qxd4
27. Bb3 Qa1+ 28. Kg2 Qxa3 29. Qf3 Qe7 30. Bd5 b5 31. Qb3 Qd7 32. Be4 Qe6 33. Qc2
h6 34. Bf3 Qc4 35. Qf5 a5 36. Qe5 a4 37. Qe7 Qd4 38. Bc6 Qb6 39. Bxb5 Qd4 40.
Bxa4 Rb8 41. Bc6 Rf8 42. Bf3 Qc4 43. Qd6 Qc8 44. Qf4 Qe6 45. Qd4 Kh8 46. Qb2 f5
47. Qd4 Qg6 48. Qc5 Qf6 49. Qc4 f4 50. Qe4 fxg3 51. hxg3 g5 52. Qc6 Qxc6 53.
Bxc6 Kg7 54. f3 h5 55. Kf2 Kf6 56. Ke3 h4 57. gxh4 gxh4 58. Bd7 Rg8 59. Bg4 Kg5
60. Kf2 Rb8 61. Kg2 Rb2+ 62. Kh3 Rf2 63. f4+ Rxf4 64. Bd1 Re4 65. Kh2 Re3 66.
Ba4 h3 67. Bc6 Kh4 68. Bb5 Rb3 69. Bf1 Rb2+ 70. Kh1 Kg3 71. Kg1 h2+ 72. Kh1 Ra2 0-1

[Event "Xtracon Chess Open 2019"]
[Site "Helsingor DEN"]
[Date "2019.07.26"]
[Round "8.151"]
[White "Christiansen, Torsten Sundgaar"]
[Black "Narheim, Mats"]
[Result "1-0"]
[WhiteElo "1742"]
[BlackElo "1608"]
[WhiteFideId "1419714"]
[BlackFideId "1518607"]
[EventDate "2019.07.20"]

1. d4 Nf6 2. e3 d6 3. Bd3 g6 4. Nd2 Bg7 5. Ne2 O-O 6. Ng3 c5 7. c3 b6 8. O-O Bb7
9. Qe2 Qc7 10. f4 Nbd7 11. e4 e5 12. fxe5 dxe5 13. d5 Ne8 14. a4 Nd6 15. b3 f5
16. exf5 Bxd5 17. fxg6 e4 18. gxh7+ Kxh7 19. Qh5+ Kg8 20. Qxd5+ Kh8 21. Ndxe4
Nxe4 22. Qh5+ Kg8 23. Bc4+ Rf7 24. Qxf7+ Kh8 25. Qh5+ Bh6 26. Qxh6# 1-0

[Event "Xtracon Chess Open 2019"]
[Site "Helsingor DEN"]
[Date "2019.07.26"]
[Round "8.152"]
[White "Tummasarson, Flovin M."]
[Black "Norevall, Ulf"]
[Result "0-1"]
[WhiteElo "1561"]
[BlackElo "1739"]
[WhiteFideId "7202431"]
[BlackFideId "1705555"]
[EventDate "2019.07.20"]

1. e4 c5 2. Nf3 Nc6 3. c3 d5 4. exd5 Qxd5 5. d4 cxd4 6. cxd4 Nf6 7. Nc3 Qa5 8.
h3 g6 9. Bc4 Bg7 10. O-O O-O 11. a3 e6 12. b4 Nxb4 13. Qb3 Nc6 14. Bd2 Qd8 15.
Ne2 Na5 16. Bxa5 Qxa5 17. Rad1 Nd5 18. Rc1 Rd8 19. Ne5 Nb6 20. f4 Nxc4 21. Rxc4
Bf8 22. a4 Kg7 23. Rfc1 Bd6 24. Nd3 Rb8 25. Nc3 Qf5 26. Nb5 Bxf4 27. Nxf4 Qxf4
28. Rf1 Qd2 29. Rc7 Rd7 30. Qc4 a6 31. Rxd7 Bxd7 32. Nd6 Rf8 33. Kh1 Bc6 34. Rg1
Qe3 35. Qc5 Qxh3# 0-1

[Event "Xtracon Chess Open 2019"]
[Site "Helsingor DEN"]
[Date "2019.07.26"]
[Round "8.153"]
[White "Strachan, Christian C."]
[Black "Huse, Arne Kjelsbol"]
[Result "0-1"]
[WhiteElo "1727"]
[BlackElo "1419"]
[WhiteFideId "1417215"]
[BlackFideId "1520709"]
[EventDate "2019.07.20"]

1. c4 e5 2. Nc3 Nf6 3. g3 c6 4. Bg2 Bb4 5. Qb3 Na6 6. a3 Ba5 7. Qc2 d5 8. b4 Bc7
9. cxd5 Nxd5 10. Nxd5 cxd5 11. Bb2 f6 12. Rc1 Bb6 13. e3 O-O 14. Ne2 Be6 15. O-O
Rc8 16. Qb1 Qd7 17. d4 e4 18. Nf4 Nc7 19. Rc2 Nb5 20. Rfc1 Nd6 21. Bf1 g5 22.
Nxe6 Qxe6 23. Rxc8 Rxc8 24. Rxc8+ Qxc8 25. Qd1 Bd8 26. Qb3 Nc4 27. Bc3 b5 28.
Be1 Qa6 29. Bxc4 bxc4 30. Qc3 Qa4 31. Qc1 a5 32. Qc3 axb4 33. Qxb4 Qxb4 34. Bxb4
Kf7 35. a4 Ke6 36. Kf1 Kd7 37. Ke2 g4 38. Kd2 Kc6 39. Kc2 Kb6 40. Kb2 Ka6 0-1

[Event "Xtracon Chess Open 2019"]
[Site "Helsingor DEN"]
[Date "2019.07.26"]
[Round "8.154"]
[White "Svane, Freja"]
[Black "Bohlin, Jan"]
[Result "0-1"]
[WhiteElo "1600"]
[BlackElo "1724"]
[WhiteFideId "12940100"]
[BlackFideId "1758616"]
[EventDate "2019.07.20"]

1. d4 Nf6 2. c4 e6 3. Nc3 Bb4 4. Bd2 O-O 5. Nf3 d5 6. e3 b6 7. Bd3 Bb7 8. O-O
Nbd7 9. cxd5 exd5 10. Ne2 Bd6 11. b4 c5 12. bxc5 bxc5 13. dxc5 Nxc5 14. Bc2 Nce4
15. Bc1 Bc8 16. Bb2 Qe7 17. Bb3 Rd8 18. Nfd4 g6 19. Nb5 Bxh2+ 20. Kh1 Ng4 21.
Qe1 Qh4 0-1

[Event "Xtracon Chess Open 2019"]
[Site "Helsingor DEN"]
[Date "2019.07.26"]
[Round "8.155"]
[White "Zheng, Jerry Z"]
[Black "Jaques, Hannibal Valeur"]
[Result "1-0"]
[WhiteElo "1553"]
[BlackElo "1807"]
[WhiteFideId "460990"]
[BlackFideId "1454188"]
[EventDate "2019.07.20"]

1. e4 e5 2. Nf3 Nc6 3. Bc4 Be7 4. c3 d6 5. O-O Bg4 6. h3 Bh5 7. d3 Nf6 8. Nbd2
O-O 9. Bb3 h6 10. Re1 Re8 11. Nf1 Qd7 12. Ng3 Bg6 13. Nh4 Bh7 14. Nhf5 Bf8 15.
Qf3 Ne7 16. Nxh6+ gxh6 17. Qxf6 Ng6 18. Nf5 Nf4 19. Nxh6+ Bxh6 20. Qxh6 Ne6 21.
Re3 Nf8 22. Rg3+ Ng6 23. Rxg6+ 1-0

[Event "Xtracon Chess Open 2019"]
[Site "Helsingor DEN"]
[Date "2019.07.26"]
[Round "8.156"]
[White "Damm, Henrik"]
[Black "Petersen, Rasmus"]
[Result "1/2-1/2"]
[WhiteElo "1591"]
[BlackElo "1745"]
[WhiteFideId "1425013"]
[BlackFideId "1448250"]
[EventDate "2019.07.20"]

1. c4 e5 2. Nc3 Nf6 3. Nf3 Nc6 4. g3 d5 5. cxd5 Nxd5 6. d3 Be6 7. Bg2 Be7 8. O-O
O-O 9. a3 a5 10. Bd2 Nb6 11. Be3 Qd7 12. Rc1 f6 13. Qc2 Nd5 14. Bd2 Rfc8 15. Ne4 1/2-1/2

[Event "Xtracon Chess Open 2019"]
[Site "Helsingor DEN"]
[Date "2019.07.26"]
[Round "8.157"]
[White "Poulsen, Knud"]
[Black "Fjallheim, Elmar Reinert"]
[Result "1-0"]
[WhiteElo "1743"]
[BlackElo "1609"]
[WhiteFideId "1422324"]
[BlackFideId "7201095"]
[EventDate "2019.07.20"]

1. c4 Nf6 2. Nc3 g6 3. g3 Bg7 4. Bg2 O-O 5. e4 e5 6. Nge2 d6 7. O-O Nc6 8. h3
Ne8 9. d3 f5 10. Kh2 Nf6 11. Bg5 h6 12. Be3 g5 13. exf5 Bxf5 14. g4 Be6 15. Qb3
Rb8 16. Nd5 Qd7 17. Ng3 Nd4 18. Bxd4 exd4 19. Nxf6+ Bxf6 20. Rae1 b5 21. Rxe6
bxc4 22. Qxc4 Kh8 23. Nh5 Be5+ 24. f4 gxf4 25. Rxh6+ Qh7 26. Rxh7+ Kxh7 27. Be4+ 1-0

[Event "Xtracon Chess Open 2019"]
[Site "Helsingor DEN"]
[Date "2019.07.26"]
[Round "8.158"]
[White "Digernes, Mikael"]
[Black "Fuchs, Jochen"]
[Result "1/2-1/2"]
[WhiteElo "1560"]
[BlackElo "1742"]
[WhiteFideId "1544225"]
[BlackFideId "16243943"]
[EventDate "2019.07.20"]

1. e4 Nc6 2. Nf3 d5 3. exd5 Qxd5 4. Nc3 Qa5 5. Bb5 Bd7 6. O-O e6 7. Re1 Bb4 8.
Bc4 Nf6 9. a3 O-O 10. d3 Bd6 11. Bd2 Qh5 12. h3 a6 13. d4 Nd5 14. Be2 f6 15. Ne5
Qe8 16. Nxd7 Qxd7 17. Bc4 Nxc3 18. Bxc3 Rae8 19. d5 exd5 20. Qxd5+ Kh8 21. Re6
Nd8 22. Rxe8 Rxe8 23. Rd1 Qc6 24. Re1 Rxe1+ 25. Bxe1 Qe8 26. Bc3 Nc6 1/2-1/2